000 00909cab a2200217 4500
001 L130547
008 050811n2005 000 0 eng u
035 _a(Sirsi) u130547
041 _aeng
100 _aChoppen, Bob
245 _aCasting light on the DDA
260 _c2005
490 _aBuilding Engineer
_v80(8) August 2005, 12-13(2)
520 _aDiscusses the implementation of the final stage of the Disability Discrimination Act 1995 (DDA). Looks at the background to the DDA and the Building Regulations, in particular Part M with particular reference to fire alarm systems including xenon and LED systems.
590 _aIKA160805
650 _aDISABILITY DISCRIMINATION ACT 1995
650 _aBUILDING REGULATIONS 2000 APPROVED DOCUMENT M (2004 EDITION)
650 _aBS 8300: 2001
690 _aBUILT ENVIRONMENT-BUILDING MAINTENANCE AND REFURBISHMENT-BUILDING ADAPTATION
942 _n0
999 _c75690
_d75690